| 000 | 00860nam a22002055i 4500 | ||
|---|---|---|---|
| 001 | 157901 | ||
| 003 | ES-MaACL | ||
| 005 | 20250721062638.0 | ||
| 008 | 040818s1862 sp |||| | spa d | ||
| 040 |
_aCAM _bspa _cCAM |
||
| 080 | _a33 | ||
| 100 | 1 |
_aLobo, Vicente. _9129025 |
|
| 245 | 1 | 0 |
_aLecciones de economia politica _b: escritas para los alumnos de los institutos con arreglo al programa formado para su esplicacion [sic] / _cpor Vicente Lobo. |
| 260 |
_aVergara : _b[s.n.], _c[1862] ( _fImp. y lib. de Manuel Imaz) |
||
| 300 |
_a215 p. ; _c22 cm. |
||
| 596 | _aLa fecha tomada del pie de imp. de la port., 1862. | ||
| 650 | 0 | 7 |
_aEconomÃa _2embne _912006 |
| 852 |
_aES-MaACL _jT-1282-F-2 _z-- Enc. hol. conservando la cub. original _z-- Enc. en un vol. facticio _zDedicatoria a Laureano Fieguerola del autor manuscrita |
||
| 999 |
_c157901 _d157901 |
||